000 00314nam a2200133Ia 4500
008 190216s9999||||xx |||||||||||||| ||und||
100 _aLevitt. Hp
245 0 _aFindlay`S Practical Physical Chemistry
250 _a9th Ed.
260 _bNull
_c1906
300 _a442
650 _aChemistry-Chemistry
942 _cBK
999 _c2761
_d2761